[Event "FRA-ch Blitz Online Qual"]
[Site "Europe Echecs INT"]
[Date "2020.05.16"]
[Round "10"]
[White "Carme, Jeremie"]
[Black "Babaud, Antoine"]
[Result "0-1"]
[WhiteElo "1659"]
[BlackElo "1943"]
[PlyCount "54"]
[EventDate "2020.05.16"]
[EventType "swiss (blitz)"]
[EventRounds "15"]
[EventCountry "FRA"]
[SourceTitle "CBM 196 Extra"]
[Source "ChessBase"]
[SourceDate "2020.07.31"]
[SourceVersion "1"]
[SourceVersionDate "2020.07.31"]
[SourceQuality "1"]

1. e4 c5 2. Nf3 Nc6 3. d4 cxd4 4. Nxd4 Nf6 5. Nc3 e6 6. f4 d6 7. Nxc6 bxc6 8. Be3 d5 9. e5 Nd7 10. Be2 Be7 11. 0-0 0-0 12. Qe1 c5 13. Bd2 Bb7 14. Qg3 d4 15. Nd1 f5 16. Bf3 Rb8 17. Bxb7 Rxb7 18. b3 Nb6 19. Nb2 Kh8 20. Qf3 Rd7 21. Qh5 Rg8 22. Rf3 g5 23. Rh3 Rg7 24. fxg5 Bxg5 25. Ba5 Be3+ 26. Kh1 Qa8 27. Nd3 Qxg2# 0-1

[Event "FRA-ch Blitz Online Qual"]
[Site "Europe Echecs INT"]
[Date "2020.05.16"]
[Round "1"]
[White "Debray, Christopher"]
[Black "Carme, Jeremie"]
[Result "1-0"]
[WhiteElo "2376"]
[BlackElo "1659"]
[PlyCount "63"]
[EventDate "2020.05.16"]
[EventType "swiss (blitz)"]
[EventRounds "15"]
[EventCountry "FRA"]
[SourceTitle "CBM 196 Extra"]
[Source "ChessBase"]
[SourceDate "2020.07.31"]
[SourceVersion "1"]
[SourceVersionDate "2020.07.31"]
[SourceQuality "1"]

1. d4 c5 2. Nf3 cxd4 3. Nxd4 e5 4. Nb5 d5 5. e4 d4 6. c3 a6 7. N5a3 Nc6 8. Nc2 Bc5 9. Bc4 b5 10. Bd5 Bb7 11. cxd4 exd4 12. 0-0 Nge7 13. Bg5 Qb6 14. Nd2 0-0 15. Nb3 Nxd5 16. exd5 Nb4 17. Nxc5 Qxc5 18. Qxd4 Qxc2 19. Qxb4 Bxd5 20. Rfd1 Qf5 21. Bh4 Rac8 22. Rd2 Rc4 23. Qd6 Rxh4 24. Qxd5 Rg4 25. Qxf5 Rc4 26. h3 Rfc8 27. Rd7 Rf8 28. Re1 Rcc8 29. Ree7 Rc6 30. Rxf7 Rf6 31. Rxg7+ Kh8 32. Qxh7# 1-0